LEADER 01180nas a2200265 i 4500 001 000000234741 003 CaOOAMICUS 005 20180830230248.0 008 180830b2012 gw uu u0 0ger r 013 $a213644 040 $aSeMil$bita 245 10$aKlara und ihre Schwestern /$cherausgegeben von Theofried Baumeister, Thomas Dienberger und Johannes Baptist Freyer. 260 $aMünster :$bAschendorff,$ccopyr. 2012. 300 $aP. [196]-380 :$bill. ;$c24 cm. 500 $aGesamtinhaltsverzeichnis 2012. 700 1 $aBaumeister, Theofried .$0(OLS)http://semarc/name/55609 700 1 $aDienberger, Thomas,$c.$0(OLS)http://semarc/name/72094 700 1 $aFreyer, Johannes Baptist,$c.$0(OLS)http://semarc/name/55610 773 0 $tWissenschaft und Weisheit.$dWerl : Dietrich Coelde, 1994.$x0043-678X$w()3131 774 0 $t[vedi periodico].$w()282113 850 $aSeMil 852 $aSeMil$W1$xVenegono$y1$m212 1 83$j216660$B185087$CSeMilBibl$Z2$F0 $85 961 $aAbbonamento: Aschendorff 996 $6245$aKlara und ihre Schwestern$9(OLS)http://semarc/title/334878 996 $6260$aMünster :$bAschendorff$9(OLS)http://semarc/publisher/29674 LEADER 01318nam a2200217 i 4500 001 000000055594 003 CaOOAMICUS 005 19970708000000.0 008 970708n it u000 u ita u 013 $a26766 040 $aSeMil$bita 100 1 $aOggioni, Giulio ,$c.$0(OLS)http://semarc/name/9920 245 13$aLa dottrina della fede nelle opere di sant'Agostino fino al 400 :$bl'esperienza delle fede nella conversione di sant'Agostino. [Alba] : Paulinae, [Imprim. 1952]. ((Excerpta ex dissertatione ad Lauream in Pontificia Facultate Theologica Mediolanensi. 490 0 $aThesis ad lauream ;$v2 600 04$aAgostino, Aurelio .$0(OLS)http://semarc/subject/1856 650 4$aFede - Teologia fondamentale.$0(OLS)http://semarc/subject/172 650 4$aTesi di laurea.$0(OLS)http://semarc/subject/1690 830 0$aThesis ad lauream ;$v2.$0(OLS)http://semarc/title/461 850 $aSeMil 852 $aSeMil$W1$xVenegono$y1$m2I III 29$j21748$B21748$CSeMilBibl$Z2$F21750 $81 996 $6245$aLa dottrina della fede nelle opere di sant'Agostino fino al 400 :$bl'esperienza delle fede nella conversione di sant'Agostino. [Alba] : Paulinae, [Imprim. 1952]. ((Excerpta ex dissertatione ad Lauream in Pontificia Facultate Theologica Mediolanensi.$9(OLS)http://semarc/title/86249